000 00469nam a2200193Ia 4500
005 20230804111845.0
008 131103s9999 xx 000 0 und d
020 _a718136020
_cGBP: 4.99
040 _aLoreto College
041 _aEnglish
082 _aF
_bFRA
100 _aFrancis,Dick
245 _aDecider
_cDick Francis
260 _aLondon
_bMichael Joseph Ltd.
_c1993
300 _a278 p.
650 _aFiction in English
850 _aLCLIB
942 _cBK
999 _c14404
_d64883